000 00852nam a22002297a 4500
999 _c64912
_d64912
005 20240530110757.0
008 190113s2016 ua cb f b 000 0dara d
017 _a2016/23278
_bمصر. دار الكتب
020 _a9789779110196
040 _aEG-CaGPL
_cEG-CaGPL
082 0 4 _221
_a923.5 /
_bق/ش أ
100 0 _aشكرى القاضى
245 1 0 _aاغلى الرجال :
_bشهداء حرب اكتوبر 1973 /
_cشكرى القاضى
250 _aط.1
260 _aالقاهرة :
_bالهيئة المصرية العامة للكتاب،
_c2016.
300 _a230 ص. :
_bايض ؛
_c24 سم.
504 _aيشتمل على ارجاعات ببليوجرافية
650 0 7 _2qrmak
_aالرجال
_xتراجم
653 0 _aشهداء اكتوير - تراجم
942 _2ddc
_cBK